Pays touchés le plus tardivement par la pandémie de Covid-19 - Statistiques

Statistiques générales
  • Ce quiz a été pris 76 fois
  • Le résultat moyen est 6 sur 8
Statistiques - réponses
Date du premier cas de Covid-19 Pays Continent % Correct
8 mai 2022 Corée du Nord Asie
85%
2 avril 2022 Nauru Océanie
82%
29 octobre 2021 Tonga Océanie
79%
8 janvier 2021 Micronésie Océanie
74%
20 mai 2022 Tuvalu Océanie
73%
18 mai 2021 Kiribati Océanie
66%
31 mai 2021 Palaos Océanie
65%
(Aucun cas officiel) Turkménistan Asie
27%
Aucun quiz correspondant
Distribution des résultats
% des personnes avec chaque résultat
Percentile par nombre de réponses
Votre historique - résultats
Vous n’avez pas pris ce quiz